MDQL
is popping MORE tags! Check the
thread
!
Quizzes
Events
Quiz Creation
Community
Videos
Private Events
Remove Ads
Sign In
Join for FREE
Feedback
Dark Mode
Quiz Categories
Sports
Geography
Music
Movies
Television
Just For Fun
Miscellaneous
History
Literature
Language
Science
Gaming
Entertainment
Religion
Holiday
For Kids
Quiz Lab
Recent
Popular Today
Quiz Kudos Today
Editor Picks
Curator Picks
Quizzes by...
Day
Popularity
Type
Ratings
Length
Year
Community
Subscriptions
Recent Discussions
Orange Saloon
Badges
Playlists
Quests
Create
Leaderboards
Showdown
Live 5
Trivia Bingo
Activity
Puzzle Library
Sporcle Events
Private Events
Virtual Trivia
Globe League
Become a Host
Pub Owners
SporcleCon
Opinionation
Our Games
Videos
Blog
Mobile Apps
Partnerships
Remove Ads and Go Orange
Feedback
Holiday
Halloween
Christmas
Holiday Songs
April Fools'
Thanksgiving
Valentine's Day
Easter
St Patrick's Day
National Holiday
Religious Holiday
Holiday
Halloween
Christmas
Holiday Songs
April Fools'
Thanksgiving
Valentine's Day
Easter
St Patrick's Day
National Holiday
Religious Holiday
Random Quiz
Search Sporcle
×
Quiz Lab
Quiz Lab
Holiday
Valentine's Day
Type in answers that appear in a list
Type in answers that appear in a list
Classic
Best Score? Go Orange.
You Help create the Quiz! Stats
Can you name the things that have to do with valentines day then put your own suggestion in the comments?
By
emoSophie1207
10m
7 Questions
98 Plays
98 Plays
98 Plays
Comments
Comments
Give Quiz Kudos
Give Quiz Kudos
-
- Ratings
hide this ad
Replay
Link that replays current quiz
Next Quiz
Link to next quiz in quiz playlist
You Got
0%
They Got
Avg Score
53%
Avg Friend Score
Upgrade to see
Score Distribution
Jump to the score distribution portion of the page
Score
0/7
Timer
10:00
0
Plays Today
% Correct
love
84.7%
hearts
71.4%
roses
59.2%
cards
52%
red
42.9%
pink
38.8%
candy hearts
27.6%
Quiz Playlist
Details
Report
Send in Message
Add To Playlist
Classic:
Type in answers that appear in a list
Last Updated: Feb 16, 2017
Quiz Scoreboard
CHALLENGE
Sign Up to Join the Scoreboard
Show All
Scores
Hide
Comments
May contain spoilers
Recently Published
Image Sorting: Flags VI
by Barbecue
Geography
2m
Find the 'City' Movie
by crazypaving
Movies
60s
5x2 Blitz: Bands
by SL_Kpop136
Music
30s
More to Explore
Quiz From the Vault
Featured Blog Post
14 Easter Pick-up Lines to Find Eggs With
hide this ad
You Might Also Like...
Tags
Valentine's Day Quiz
help
Own
put
suggestion
Today's Top Quizzes in Holiday
Browse Holiday
hide this ad
Today's Top Quizzes in Valentine's Day
Browse Valentine's Day
Top Contributed Quizzes in Holiday
1
Pick the Easter Eggs hidden in the Garden
2
5-to-1: Holiday Songs
3
April Fools' Zebra Puzzle
4
5-to-1: Thanksgiving
5
New Year’s Party Puzzle
6
Easter Teddy Bears
7
Holidays Spelling Bee
8
Thanksgiving Dinner by Criteria
9
Easter - Did You Know?
10
Picture Click Blitz: Easter
Explore More
Trending Topics
Crossword
Marvel
Kpop
Disney
Harry Potter
NBA
Anime
Song
The Office
WWE
NFL
Soccer
Pokémon
Country
Puzzle
hide this ad
More By:
emoSophie1207
Quiz
Plays
Rating
Category
Featured
Created
Fill in the missing lyrics: Lazy Song
1,131
2.57
Music
May 24, 2011
Joke
238
2.29
Just For Fun
May 19, 2011
You Help create the Quiz!
98
1.00
Holiday
May 17, 2011
awesome disney people
25
1.00
Movies
Apr 14, 2011
Finish the quotes
17
1.00
Just For Fun
May 17, 2011
Go to Creator's Profile
Score Distribution
Quiz Creator Spotlight
emoSophie1207
Follow
Send a Message
Quizzes Created
-
Created Quiz Play Count
-
More By This Creator
Popular Quizzes Today
1
Colored Red Africa Blitz
2
Find the US States - No Outlines Minefield
3
Find the 'City' Movie
4
5x2 Blitz: Bands
5
The Countries of the World
6
Find the US States
7
Find the Countries of Europe - No Outlines Minefield
8
US States
More Holiday Quizzes
Killer Crossover (Holiday)
Curator's Pick
Trending Quizzes
Colored Red Europe Blitz I
Colored Red Europe Blitz II
Colored Red Africa Blitz II
Colored Red Europe Blitz III
Colored Red Africa Blitz III
Recently Updated
How Do You Spell That?
pecheneg
Godzilla Movies
pecheneg
Grab Bag: 4-10 Letters
pecheneg
2024 March Madness Bracket
pecheneg
Famous TV Couples
Peacemaker
Champions League XIs: Real Madrid
pecheneg
Largest US Cities 1790-2010
pecheneg
Rides in Walt Disney World
pecheneg
Most Oscar Losses (Acting)
pecheneg
Beyoncé Albums
pecheneg
Trending Topics
Harry Potter
Disney
Marvel
Crossword
Anime
NBA
Kpop
Soccer
NFL
Country
Song
Puzzle
Pokémon
The Office
WWE
Your Account Isn't Verified!
In order to create a playlist on Sporcle, you need to verify the email address you used during registration. Go to your
Sporcle Settings
to finish the process.
Report this User
Report this user for behavior that violates our
Community Guidelines
.
Details:
Send Report
Go to the Sporcle.com Mobile Site →
Comments